Werner Seibt, ed., Die Christianisierung des Kaukasus/The Christianization of Caucasus (Armenia, Georgia,Albania). Actes du colloque tenu à Vienne, les 9-12 Décembre 1999, Wien,Verlag der Österreichischen Akademie derWissenschaften, 2002, 214 p., index, ill., fig., cartes (notice n° 1643397)
[ vue normale ]
| 000 -LEADER | |
|---|---|
| fixed length control field | 00688cam a2200145 4500500 |
| 005 - DATE AND TIME OF LATEST TRANSACTION | |
| control field | 20260201173729.0 |
| 041 ## - LANGUAGE CODE | |
| Language code of text/sound track or separate title | fre |
| 042 ## - AUTHENTICATION CODE | |
| Authentication code | dc |
| 100 10 - MAIN ENTRY--PERSONAL NAME | |
| Personal name | Kaplanian, Patrick |
| Relator term | author |
| 245 00 - TITLE STATEMENT | |
| Title | Werner Seibt, ed., Die Christianisierung des Kaukasus/The Christianization of Caucasus (Armenia, Georgia,Albania). Actes du colloque tenu à Vienne, les 9-12 Décembre 1999, Wien,Verlag der Österreichischen Akademie derWissenschaften, 2002, 214 p., index, ill., fig., cartes |
| 260 ## - PUBLICATION, DISTRIBUTION, ETC. | |
| Date of publication, distribution, etc. | 2004.<br/> |
| 500 ## - GENERAL NOTE | |
| General note | 64 |
| 786 0# - DATA SOURCE ENTRY | |
| Note | L'Homme | 169 | 1 | 2004-01-01 | p. 225za-304za | 0439-4216 |
| 856 41 - ELECTRONIC LOCATION AND ACCESS | |
| Uniform Resource Identifier | <a href="https://shs.cairn.info/revue-l-homme-2004-1-page-225za?lang=fr&redirect-ssocas=7080">https://shs.cairn.info/revue-l-homme-2004-1-page-225za?lang=fr&redirect-ssocas=7080</a> |
Pas d'exemplaire disponible.




Réseaux sociaux